000 00963nam a22002537a 4500
008 081204t xxu||||| |||| 00| 0 eng d
010 _aENG-92001
020 _a9788187326694
_c150.00
035 _aEN-75534
037 _bDBAD / PUB
040 _adpl
_bEnglish
082 _a181.499
100 _aKrishnamurti, J.
245 _aIn the problem is the solution:
_cby J. Krishnamurti
_bquestion and answer meetings in India /
260 _aChennai
_bKrishnamurti Foundation India
_c2008
270 _aVasanta Vihar, 124 Grenways Road,
_bChennai
_e600028
300 _a183p.
_c23cm (pbk)
500 _aIncludes index
600 _aKrishnamurti, J., (Jiddu), 1895-1986.
650 _aPhilosophy.
650 _aReligion.
942 _2ddc
_cEN
_mKRI
_h181.499
999 _c19462
_d19462